| 000 | 00557nam a2200181 i 4500 | ||
|---|---|---|---|
| 001 | 103028 | ||
| 003 | ES-MaACL | ||
| 007 | t| | ||
| 008 | 051227s1910 sp ||||1| spa d | ||
| 080 | _a019.941:82-31"18" | ||
| 100 | 1 |
_aLadrón de Guevara, Pablo. _969449 |
|
| 245 | 1 | 0 |
_aNovelistas malos y buenos / _cjuzgados por el P. Pablo Ladrón de Guevara. |
| 250 | _a2ª ed. aum. | ||
| 260 |
_aBilbao : _b[s.n., _c1910?] |
||
| 300 |
_a528 p. ; _c20 cm. |
||
| 650 | 1 | 4 |
_aNovela- _yS.XIX- _vBibliografías críticas. _915604 |
| 852 |
_aES-MaACL _jG-12816 _bR.136564 |
||
| 999 |
_c103028 _d103028 |
||